Statistiques concernant Communes de l'Ain

Cliquez ici pour prendre le quiz!

Statistiques générales

  • Ce quiz a été pris 360 fois
  • Le résultat moyen est 64 sur 458

Réponses sur la Carte

Les réponses sont colorées sur une échelle allant du rouge au vert en fonction du pourcentage des utilisateurs qui les ont devinées à leur premier essai. Vous pouvez retrouver ces pourcentages ci-dessous.
 

Statistiques - réponses

Code communeRéponse% Correct
01053Bourg
88%
01004Ambérieu
71%
01283Oyonnax
66%
01173Gex
58%
01034Belley
57%
01269Nantua
56%
01288Péron
54%
01042Bey
45%
01244Meximieux
45%
01451Viriat
45%
01033Bellegarde
44%
01304Pont-d’Ain
44%
01249Miribel
43%
01202Lagnieu
42%
01289Péronnas
42%
01443Villars
42%
01093Châtillon-sur-Chalaronne
38%
01262Montluel
38%
01043Beynost
37%
01457Vonnas
37%
01366Sainte-Julie
36%
01185Hauteville
35%
01211Lent
35%
01290Pérouges
35%
01344Saint-Denis-lès-Bourg
35%
01072Ceyzériat
33%
01074Chalamont
32%
01160Ferney-Voltaire
32%
01266Montrevel
32%
01232Marboz
31%
01383Saint-Paul-de-Varax
31%
01007Ambronay
30%
01024Attignat
30%
01384Saint-Rambert
30%
01427Trévoux
30%
01138Culoz
29%
01303Poncin
29%
01199Jujurieux
28%
01333Saint-André-de-Corcy
28%
01376Saint-Maurice-de-Beynost
28%
01390Saint-Vulbas
28%
01108Coligny
27%
01405Servas
27%
01049La Boisse
26%
01213Leyment
26%
01265Montréal
26%
01306Pont-de-Veyle
26%
01143Divonne-les-Bains
25%
01374Saint-Martin-du-Mont
25%
01027Balan
24%
01099Chazey-sur-Ain
24%
01142Dagneux
24%
01235Marlieux
24%
01301Polliat
24%
01305Pont-de-Vaux
24%
01420Thoissey
24%
01210Lélex
23%
01416Tenay
23%
01008Ambutrix
22%
01068Cerdon
22%
01089Château-Gaillard
22%
01106Cize
22%
01163Foissiat
22%
01248Mionnay
22%
01314Priay
22%
01345Saint-Denis-en-Bugey
22%
01348Saint-Didier-sur-Chalaronne
22%
01371Saint-Marcel
22%
01378Saint-Maurice-de-Gourdans
22%
01403Serrières
22%
01450Villieu
22%
01005Ambérieux-en-Dombes
21%
01014Arbent
21%
01115Confrançon
21%
01350Saint-Étienne-du-Bois
21%
01369Saint-Just
21%
01426Treffort
21%
01047Blyes
20%
01051Bolozon
20%
01092Châtillon-la-Palud
20%
01192Izernore
20%
01195Jasseron
20%
01223Loyes
20%
01224Loyettes
20%
01253Mollon
20%
01272Neuville-les-Dames
20%
01275Neyron
20%
01320Replonges
20%
01363Saint-Jean-le-Vieux
20%
01381Saint-Nizier-le-Désert
20%
01407Seyssel
20%
01025Bâgé-la-Ville
19%
01026Bâgé-le-Châtel
19%
01032Béligneux
19%
01041Bettant
19%
01145Dompierre
19%
01241Meillonnas
19%
01263Montmerle
19%
01349Saint-Éloi
19%
01361Saint-Jean-de-Niost
19%
01370Saint-Laurent
19%
01388Saint-Trivier-de-Courtes
19%
01396Sault-Brénaz
19%
01431Vaux-en-Bugey
19%
01444Villebois
19%
01447Villereversure
19%
01064Briord
18%
01088Charnoz
18%
01149Douvres
18%
01159Feillens
18%
01246Mézériat
18%
01273Neuville-sur-Ain
18%
01354Saint-Genis-Pouilly
18%
01419Thoiry
18%
01421Torcieu
18%
01021Ars
17%
01054Bourg-Saint-Christophe
17%
01069Certines
17%
01124Cormoz
17%
01129Crans
17%
01137Cuisiat
17%
01151Druillat
17%
01194Jassans-Riottier
17%
01196Jayat
17%
01276Niévroz
17%
01386Saint-Sorlin-en-Bugey
17%
01408Simandre
17%
01411Souclin
17%
01418Thil
17%
01424Tramoyes
17%
01452Virieu-le-Grand
17%
01038Bény
16%
01062Bressolles
16%
01065Buellas
16%
01107Cleyzieu
16%
01109Collonges
16%
01154Étrez
16%
01156Faramans
16%
01193Izieu
16%
01231Manziat
16%
01297Pizay
16%
01307Port
16%
01422Tossiat
16%
01022Artemare
15%
01031Bélignat
15%
01125Corveissiat
15%
01134Crottet
15%
01140Curtafond
15%
01150Drom
15%
01157Fareins
15%
01174Giron
15%
01179Grièges
15%
01198Joyeux
15%
01260Le Montellier
15%
01216Lhuis
15%
01247Mijoux
15%
01250Misérieux
15%
01254Montagnat
15%
01315Proulieu
15%
01317Ramasse
15%
01322Reyrieux
15%
01326Rillieux
15%
01379Saint-Maurice-de-Rémens
15%
01385Saint-Rémy
15%
01389Saint-Trivier-sur-Moignans
15%
01430Varambon
15%
01434Versailleux
15%
01446Villeneuve
15%
01016Arbigny
14%
01017Argis
14%
01052Bouligneux
14%
01060Brénod
14%
01083Chaneins
14%
01090Châtenay
14%
01096Chaveyriat
14%
01105Civrieux
14%
01111Conand
14%
01148Dortan
14%
01183Guéreins
14%
01325Rignieux-le-Franc
14%
01342Sainte-Croix
14%
01449Villette
14%
01013Arandas
13%
01030Beauregard
13%
01039Béon
13%
01071Cessy
13%
01120Cordieux
13%
01128Courtes
13%
01166Frans
13%
01002L’Abergement-de-Varey
13%
01274Les Neyrolles
13%
01229Malafretaz
13%
01237Martignat
13%
01238Massieux
13%
01255Montagnieu
13%
01281Ornex
13%
01339Saint-Bernard
13%
01380Saint-Nizier-le-Bouchoux
13%
01391Salavre
13%
01010Anglefort
12%
01029Beaupont
12%
01035Belleydoux
12%
01075Chaleins
12%
01078Challex
12%
01127Courmangoux
12%
01135Crozet
12%
01152Échallon
12%
01165Francheleins
12%
01236Marsonnas
12%
01285Parcieux
12%
01313Prévessin
12%
01318Rancé
12%
01321Revonnas
12%
01353Sainte-Euphémie
12%
01382Sainte-Olive
12%
01393Sandrans
12%
01003Amareins
11%
01045Birieux
11%
01114Confort
11%
01119Corcelles
11%
01132Crépieux-la-Pape
11%
01167Garnerans
11%
01168Genay
11%
01177Grand-Corent
11%
01197Journans
11%
01425La Tranclière
11%
01292Le Petit-Abergement
11%
01299Le Plantay
11%
01220Lompnès
11%
01243Messimy
11%
01296Pirajoux
11%
01319Relevant
11%
01336Saint-André-sur-Vieux-Jonc
11%
01338Saint-Benoît
11%
01346Saint-Didier-d'Aussiat
11%
01351Saint-Étienne-sur-Chalaronne
11%
01365Saint-Jean-sur-Veyle
11%
01367Saint-Julien-sur-Reyssouze
11%
01394Sathonay-Camp
11%
01395Sathonay-Village
11%
01448Villes
11%
01019Armix
10%
01055Bouvent
10%
01081Champfromier
10%
01123Cormoranche-sur-Saône
10%
01130Cras-sur-Reyssouze
10%
01205Lancrans
10%
01176Le Grand-Abergement
10%
01228Maillat
10%
01258Monceaux
10%
01256Montanay
10%
01279Oncieu
10%
01291Perrex
10%
01362Saint-Jean-de-Thurigneux
10%
01423Toussieux
10%
01432Verjon
10%
01453Virieu-le-Petit
10%
01006Ambléon
9%
01023Asnières-sur-Saône
9%
01028Baneins
9%
01037Bénonces
9%
01058Brégnier-Cordon
9%
01076Chaley
9%
01079Champagne
9%
01104Chézery
9%
01121Corlier
9%
01144Dommartin
9%
01147Domsure
9%
01153Échenevex
9%
01182Groslée
9%
01184Hautecourt
9%
01187Hotonnes
9%
01190Innimond
9%
01066La Burbanche
9%
01207Lapeyrouse
9%
01300Le Poizat
9%
01212Lescheroux
9%
01264Montracol
9%
01280Ordonnaz
9%
01286Parves
9%
01309Pouillat
9%
01357Saint-Germain-de-Joux
9%
01364Saint-Jean-sur-Reyssouze
9%
01398Savigneux
9%
01401Sergy
9%
01442Vieu
9%
01445Villemotier
9%
01018Arlod
8%
01050Boissey
8%
01056Boyeux-Saint-Jérôme
8%
01057Boz
8%
01061Brens
8%
01070Cesseins
8%
01073Ceyzérieu
8%
01087Charix
8%
01098Chazey-Bons
8%
01113Condeissiat
8%
01116Contrevoz
8%
01122Cormaranche-en-Bugey
8%
01181Groissiat
8%
01191Izenave
8%
01200Labalme
8%
01001L’Abergement-Clémenciat
8%
01085La Chapelle-du-Châtelard
8%
01204Lalleyriat
8%
01257Montanges
8%
01270Napt
8%
01284Ozan
8%
01312Pressiat
8%
01323Reyssouze
8%
01327Romanèche
8%
01332Saint-André-de-Bâgé
8%
01343Saint-Cyr-sur-Menthon
8%
01347Saint-Didier-de-Formans
8%
01356Saint-Georges-sur-Renon
8%
01360Saint-Jean-de-Gonville
8%
01402Sermoyer
8%
01412Sulignat
8%
01414Sutrieu
8%
01429Vandeins
8%
01439Vésines
8%
01011Apremont
7%
01036Belmont
7%
01044Billiat
7%
01046Biziat
7%
01048Bohas
7%
01102Chevroux
7%
01103Chevry
7%
01110Colomieu
7%
01118Corbonod
7%
01131Craz
7%
01155Évosges
7%
01164Forens
7%
01175Gorrevod
7%
01189Injoux
7%
01208Lavours
7%
01209Léaz
7%
01219Lompnas
7%
01225Lurcy
7%
01233Marchamp
7%
01261Monthieux
7%
01267Mornay
7%
01271Nattages
7%
01282Outriaz
7%
01298Plagne
7%
01308Pougny
7%
01328Romans
7%
01329Rossillon
7%
01335Saint-André-le-Bouchoux
7%
01337Saint-Bénigne
7%
01340Saint-Bois
7%
01372Saint-Martin-de-Bavel
7%
01375Saint-Martin-le-Châtel
7%
01387Saint-Sulpice
7%
01399Ségny
7%
01415Talissieu
7%
01435Versonnex
7%
01437Vescours
7%
01440Veyziat
7%
01455Volognat
7%
01040Béréziat
6%
01059Brénaz
6%
01077Challes
6%
01091Châtillon-de-Michaille
6%
01095Chavannes-sur-Suran
6%
01117Conzieu
6%
01139Curciat-Dongalon
6%
01141Cuzieu
6%
01158Farges
6%
01169Genouilleux
6%
01180Grilly
6%
01203Laiz
6%
01218Lochieu
6%
01222Longecombe
6%
01251Moëns
6%
01252Mogneneins
6%
01259Montcet
6%
01287Passin
6%
01294Peyrieu
6%
01302Pollieu
6%
01316Pugieu
6%
01324Rignat
6%
01358Saint-Germain-les-Paroisses
6%
01359Saint-Germain-sur-Renon
6%
01368Saint-Julien-sur-Veyle
6%
01373Saint-Martin-du-Frêne
6%
01397Sauverny
6%
01410Sonthonnax-la-Montagne
6%
01454Virignin
6%
01009Andert-et-Condon
5%
01063Brion
5%
01080Champdor
5%
01084Chanoz-Châtenay
5%
01100Cheignieu-la-Balme
5%
01171Géovreisset
5%
01188Illiat
5%
01201Lacoux
5%
01206Lantenay
5%
01245Meyriat
5%
01352Saint-Étienne-sur-Reyssouze
5%
01355Saint-Genis-sur-Menthon
5%
01400Seillonaz
5%
01404Serrières-sur-Ain
5%
01409Songieu
5%
01417Thézillieu
5%
01428Valeins
5%
01012Aranc
4%
01015Arbignieu
4%
01067Ceignes
4%
01082Chanay
4%
01112Condamine
4%
01126Coupy
4%
01133Cressin-Rochefort
4%
01170Géovreissiat
4%
01178Granges
4%
01186Hostias
4%
01226Luthézieu
4%
01227Magnieu
4%
01239Massignieu-de-Rives
4%
01240Matafelon
4%
01242Mérignat
4%
01268Murs-et-Gélignieux
4%
01295Peyzieux
4%
01310Prémeyzel
4%
01311Prémillieu
4%
01330Ruffieu
4%
01334Saint-André-d’Huiriat
4%
01392Samognat
4%
01413Surjoux
4%
01436Vesancy
4%
01441Vieu-d’Izenave
4%
01456Vongnes
4%
01094Chavannes-sur-Reyssouze
3%
01101Chevillard
3%
01136Cruzilles-lès-Mépillat
3%
01215Lhôpital
3%
01217Lilignod
3%
01230Mantenay-Montlin
3%
01277Nivollet-Montgriffon
3%
01341Saint-Champ
3%
01458Vouvray
3%
01086Charancin
2%
01097Chavornay
2%
01146Dompierre-sur-Chalaronne
2%
01161Fitignieu
2%
01162Flaxieu
2%
01221Lompnieu
2%
01234Marignieu
2%
01278Ochiaz
2%
01331Saint-Alban
2%
01406Servignat
2%
01433Vernoux
2%
01172Germagnat
1%
01214Leyssard
1%
01293Peyriat
1%
01020Arnans
0%
01377Saint-Maurice-d’Échazeaux
0%
01438Vésenex-Crassy
0%

Distribution des résultats

Percentile par nombre de réponses

% des personnes avec chaque résultat

Votre développement - résultats

Vous n’avez pas pris ce quiz